History of the Jewish People in the Time of Jesus Christ (Record no. 348)
[ view plain ]
| 000 -LEADER | |
|---|---|
| fixed length control field | 00918nam a2200241 a 4500 |
| 020 ## - INTERNATIONAL STANDARD BOOK NUMBER | |
| ISBN | |
| 082 00 - DEWEY DECIMAL CLASSIFICATION NUMBER | |
| Classification number | 296.09 |
| Author Cutter | SCH |
| 100 ## - MAIN ENTRY--AUTHOR NAME | |
| Author name | Schurer, Emil |
| 245 ## - TITLE STATEMENT | |
| Title | History of the Jewish People in the Time of Jesus Christ |
| 260 ## - PUBLICATION, DISTRIBUTION, ETC. (IMPRINT) | |
| Place of publication | New York |
| Name of publisher | Charles Scribner`s Sons, |
| Year of publication | 1891 |
| 300 ## - PHYSICAL DESCRIPTION | |
| Number of Pages | 465p |
| 500 ## - GENERAL NOTE | |
| General note | includes index and biblioraphy |
| 505 2# - FORMATTED CONTENTS NOTE | |
| Formatted contents note | Index |
| 505 2# - FORMATTED CONTENTS NOTE | |
| Formatted contents note | Index00 |
| 650 ## - SUBJECT ADDED ENTRY--TOPICAL TERM | |
| Topical Term | Judaism-History |
| 942 ## - ADDED ENTRY ELEMENTS (KOHA) | |
| Koha item type | Books |
| Collection code | Home library | Current library | Shelving location | Date acquired | Cost, normal purchase price | Full call number | Accession Number | Koha item type |
|---|---|---|---|---|---|---|---|---|
| Reference | Henry Martyn Institute Library | Henry Martyn Institute Library | Reference | 100.00 | 296.09 SCH | 00599 | Books | |
| Reference | Henry Martyn Institute Library | Henry Martyn Institute Library | Reference | 100.00 | 296.09 SCH | 00600 | Books | |
| Reference | Henry Martyn Institute Library | Henry Martyn Institute Library | Reference | 100.00 | 296.09 SCH | 00601 | Books | |
| Reference | Henry Martyn Institute Library | Henry Martyn Institute Library | Reference | 100.00 | 296.09 SCH | 00602 | Books | |
| Reference | Henry Martyn Institute Library | Henry Martyn Institute Library | Reference | 100.00 | 296.09 SCH | 00603 | Books |
